二桁勝利経験のある現役選手(2026) - Statistics

General Stats
  • This quiz has been taken 78 times
  • The average score is 42 of 54
Answer Stats
現所属 達成年 選手名 % Correct
巨人 2007,09~13年 田中将大
98%
阪神 2011,14~16,18~20年 西勇輝
97%
阪神 2021,23年 伊藤将司
97%
日本ハム 2021,22,24,25年 伊藤大海
97%
阪神 2023,25年 村上頌樹
95%
巨人 2022~24年 戸郷翔征
95%
日本ハム 2016,17,19,23~25年 有原航平
95%
DeNA 2018,23~25年 東克樹
93%
ヤクルト 2002~06,08~11,14,15年 石川雅規
93%
ロッテ 2018,20年 石川柊太
93%
中日 2013~15,20,25年 大野雄大
91%
広島 2014,17~19,21年 大瀬良大地
91%
ソフトバンク 2018,21,25年 上沢直之
90%
阪神 2024,25年 才木浩人
88%
ヤクルト 2013,15,20,23年 小川泰弘
88%
巨人 2013~18,21,22年 則本昂大
86%
中日 2024年 髙橋宏斗
86%
広島 2020,22,24年 森下暢仁
86%
広島 2023,24年 床田寛樹
86%
西武 2019,21~23年 髙橋光成
86%
巨人 2023~25年 山﨑伊織
84%
中日 2006~10,15,16,20年 涌井秀章
84%
ソフトバンク 2024,25年 モイネロ
84%
日本ハム 2023,24年 山﨑福也
84%
ロッテ 2023年 種市篤暉
84%
ソフトバンク 2025年 大関友久
83%
オリックス 2021~23年 宮城大弥
83%
楽天 2007~10,12~14,18年 岸孝之
81%
楽天 2010~15年 前田健太
81%
西武 2019年 高橋礼
81%
ロッテ 2021,23,25年 小島和哉
79%
阪神 2023,24年 大竹耕太郎
78%
中日 2019,21年 柳裕也
78%
西武 2025年 隅田知一郎
78%
DeNA 2013~15年 藤浪晋太郎
76%
オリックス 2021,25年 九里亜蓮
74%
楽天 2024年 早川隆久
74%
西武 2023年 平良海馬
74%
ソフトバンク 2017,22年 東浜巨
72%
ヤクルト 2021,22年 青柳晃洋
71%
オリックス 2019年 山岡泰輔
71%
日本ハム 2024年 加藤貴之
67%
西武 2024年 武内夏暉
66%
阪神 2016年 岩貞祐太
60%
DeNA 2020,22年 大貫晋一
57%
楽天 2024年 藤井聖
57%
ヤクルト 2016,17年 田口麗斗
50%
ヤクルト 2016年 高梨裕稔
50%
西武 2021年 松本航
50%
ロッテ 2011年 唐川侑己
50%
広島 2024年 島内颯太郎
48%
ロッテ 2025年 ジャクソン
47%
西武 2022年 與座海人
40%
楽天 2021年 瀧中瞭太
31%
No matching quizzes found
Score Distribution
Percent of People with Each Score
Percentile by Number Answered
Your Score History
You have not taken this quiz